La Gerusalemme liberata / (Record no. 166077)

MARC details
000 -LEADER
campo de control de longitud fija 00604nam a22001815i 4500
001 - NÚMERO DE CONTROL
campo de control 166077
003 - IDENTIFICADOR DE NÚMERO DE CONTROL
campo de control ES-MaACL
005 - FECHA Y HORA DE LA ÚLTIMA TRANSACCIÓN
campo de control 20230906213247.0
008 - DATOS DE LONGITUD FIJA--INFORMACIÓN GENERAL
campo de control de longitud fija 981002s1877 it |||| | ita d
040 ## - FUENTE DE CATALOGACIÓN
Centro catalogador/agencia de origen CARM
Lengua de catalogación spa
Centro/agencia transcriptor CCPB | 3D
100 1# - ENTRADA PRINCIPAL--NOMBRE DE PERSONA
Nombre de persona Tasso, Torquato (
Fechas asociadas al nombre 1544-1595)
9 (RLIN) 109373
245 13 - MENCIÓN DEL TÍTULO
Título La Gerusalemme liberata /
Mención de responsabilidad, etc. di Torquato Tasso ; con note raccolte e ordinate per cura di Eugenio Camerini.
250 ## - MENCION DE EDICION
Mención de edición Edizione integra.
260 ## - PUBLICACIÓN, DISTRIBUCIÓN, ETC.
Lugar de publicación, distribución, etc. Milano :
Nombre del editor, distribuidor, etc. Edoardo Sonzogno,
Fecha de publicación, distribución, etc. 1877.
300 ## - DESCRIPCIÓN FÍSICA
Extensión 400 p. ;
Dimensiones 18 cm.
752 ## - ENTRADA AGREGADA--NOMBRE JERÁRQUICO DEL LUGAR
País o entidad superior Italia -
Ciudad , Milán
852 ## - LOCALIZACIÓN
Ubicación ES-MaACL
Número de control de estantería F-10612(1)
Nota libre -- Enc. hol.
Holdings
Estatus retirado Estado de pérdida Estado de daño No para préstamo Colección Biblioteca de origen Biblioteca actual Ubicación en estantería Fecha de adquisición Fuente de adquisición Total de préstamos Signatura topográfica completa Código de barras Visto por última vez Precio de reemplazo Tipo de ítem Koha
        Libros del s. XIX Biblioteca del Ateneo de Madrid Biblioteca del Ateneo de Madrid Sala Pecera Planta 2 17/01/2008     F-10612(1) 1174171 23/02/2023 23/02/2023 Libro impreso antiguo